Calendari llaminer / un text de Francesc Parcerisas ; il·lustrat per Lluïsa Jover ; a partir de la documentació de M. Antònia Pelauzy ; de les receptes del pastisser Xavier Canal
Descripción Física:
103 p. : il. ; 30 cm
MARC
| LEADER | 00000nam a2200000Ia 4500 | ||
|---|---|---|---|
| 001 | 8435 | ||
| 008 | 160829s1989 xx 000 0 cat d | ||
| 080 | |a C-1-149 | ||
| 100 | |a Parcerisas, Francesc |9 37553 | ||
| 245 | |a Calendari llaminer / un text de Francesc Parcerisas ; il·lustrat per Lluïsa Jover ; a partir de la documentació de M. Antònia Pelauzy ; de les receptes del pastisser Xavier Canal | ||
| 260 | |a Barcelona : |b Diputació. Presidència. Gabinet de Publicacions, |c 1989 | ||
| 300 | |a 103 p. : |b il. ; |c 30 cm | ||
| 650 | |a Pastissos |x Catalunya |9 37554 | ||
| 650 | |a Cuina catalana |9 37555 | ||
| 700 | 1 | |a Jover, Lluïsa |e il·lustrador |9 33172 | |
| 700 | |a Pelauzy, M. Antònia |9 37556 |e autor | ||
| 700 | |a Canal, Xavier I |9 37557 |e autor | ||
| 710 | 1 | |a Barcelona (Catalunya : Província). |b Gabinet de Publicacions |9 54950 | |
| 901 | |a Arxiu | ||
| 942 | |n 1 |2 udc | ||
| 952 | |0 0 |1 0 |4 0 |6 C1149 |7 1 |9 47928 |a Arxiu |b Arxiu |d 2016-12-01 |l 0 |o C-1-149 |p 8435 |r 2016-12-01 00:00:00 |w 2016-12-01 |y ARXIU | ||
| 999 | |c 51728 |d 51728 | ||